Deutsche Sprache der Generationen: Charakteristik der Jugendschprache diplomová práca
Salvato in:
| Autore principale: | |
|---|---|
| Ente Autore: | |
| Altri autori: | |
| Natura: | Libro |
| Lingua: | tedesco |
| Pubblicazione: |
Bratislava
2017
|
| Tags: |
Nessun Tag, puoi essere il primo ad aggiungerne!!
|
MARC
| LEADER | 00000nbm a2200000 4500 | ||
|---|---|---|---|
| 001 | 0231429 | ||
| 005 | 20180213104637.4 | ||
| 041 | 0 | |a ger | |
| 044 | |a SK | ||
| 245 | 1 | 0 | |a Deutsche Sprache der Generationen: Charakteristik der Jugendschprache |b diplomová práca |c Dominika Malinová ; školiteľ: Silvia Adamcová |
| 264 | 1 | |a Bratislava |c 2017 | |
| 300 | |a 70 s. | ||
| 100 | 1 | |a Malinová, Dominika | |
| 700 | 1 | |a Adamcová, Silvia, 1984- | |
| 710 | 2 | |a Fakulta aplikovaných jazykov EU v Bratislave. Katedra jazykovedy a translatológie | |